[Event "CZE-chT1E 2324"]
[Site "Czech Republic"]
[Date "2024.04.14"]
[Round "11.8"]
[White "Pycha, Patrik"]
[Black "Horsak, Jan"]
[Result "1-0"]
[WhiteElo "2038"]
[BlackElo "2033"]
[PlyCount "81"]
[EventDate "2023.10.22"]
[EventType "team-tourn"]
[EventRounds "11"]
[EventCountry "CZE"]
[SourceTitle "EXT 2025"]
[Source "ChessBase"]
[SourceDate "2024.10.14"]
[SourceVersion "1"]
[SourceVersionDate "2024.10.14"]
[SourceQuality "1"]
[WhiteTeam "Jundrov Jezdci"]
[BlackTeam "Stare Mesto"]
[WhiteTeamCountry "CZE"]
[BlackTeamCountry "CZE"]

1. e4 d6 2. d4 Nf6 3. Nc3 g6 4. h3 c6 5. Nf3 Bg7 6. Be3 b5 7. a3 Nbd7 8. e5 Nd5 9. Nxd5 cxd5 10. exd6 e6 11. Qd2 Qb6 12. Qb4 a5 13. Qxb5 Qxd6 14. Bd3 0-0 15. Qb3 Nb6 16. 0-0 f5 17. Rfe1 Ba6 18. Bf4 Qxf4 19. Qxb6 Bc8 20. Ne5 Qh4 21. c4 f4 22. f3 Bxe5 23. Rxe5 Rf7 24. Qc6 Rb7 25. Rb1 Rab8 26. b4 Qd8 27. cxd5 Bd7 28. Qc2 axb4 29. dxe6 Ba4 30. Qc4 Kg7 31. axb4 Bb5 32. e7 Qe8 33. Rxb5 Rxb5 34. Qc7 Rd5 35. Rc1 Rxb4 36. Be4 Rd7 37. Qe5+ Kf7 38. Bd5+ Rxd5 39. Qxd5+ Kg7 40. Qd8 Rb8 41. Qd6 1-0

[Event "Jesenik op-A"]
[Site "Jesenik"]
[Date "2023.08.27"]
[Round "9"]
[White "Pycha, Patrik"]
[Black "Dylong, Antoni"]
[Result "1/2-1/2"]
[WhiteElo "2059"]
[BlackElo "1977"]
[PlyCount "135"]
[EventDate "2023.08.19"]
[EventType "swiss"]
[EventRounds "9"]
[EventCountry "CZE"]
[SourceTitle "CBM 216 Extra"]
[Source "ChessBase"]
[SourceDate "2023.11.30"]
[SourceVersion "1"]
[SourceVersionDate "2023.11.30"]
[SourceQuality "1"]

1. e4 e6 2. d4 d5 3. Nc3 Nf6 4. e5 Nfd7 5. f4 c5 6. Nf3 Nc6 7. Be3 a6 8. Qd2 b5 9. a3 Qa5 10. Be2 b4 11. Nb1 Be7 12. 0-0 0-0 13. Qe1 cxd4 14. Nxd4 Nxd4 15. Bxd4 Bc5 16. Qf2 bxa3 17. Nxa3 Bxd4 18. Qxd4 Qb6 19. Rfd1 Rb8 20. b3 Nc5 21. Bf3 a5 22. Nb1 Bd7 23. Nc3 Rfc8 24. Ne2 a4 25. bxa4 Nxa4 26. Rdb1 Qxd4+ 27. Nxd4 g6 28. Rb3 Nc5 29. Rxb8 Rxb8 30. Ra5 Na4 31. Ra7 Be8 32. Rc7 Nb6 33. Be2 Rc8 34. Rxc8 Nxc8 35. c4 dxc4 36. Bxc4 Nb6 37. Bb3 Ba4 38. Ba2 Bd7 39. Kf2 Bc8 40. Nc2 Bb7 41. Ne3 h5 42. h3 Na4 43. Bb3 Nc5 44. Bc2 Be4 45. Bd1 Nd3+ 46. Kg3 h4+ 47. Kxh4 Nxf4 48. g3 Nd3 49. Kg5 Kg7 50. Bc2 Nxe5 51. Bxe4 f6+ 52. Kh4 f5 53. Nxf5+ exf5 54. Bxf5 Kh6 55. Bxg6 Kxg6 56. g4 Nxg4 57. hxg4 Kh6 58. g5+ Kg6 59. Kg4 Kg7 60. Kf5 Kf7 61. g6+ Kg7 62. Kg5 Kg8 63. Kf6 Kf8 64. Ke6 Kg7 65. Kf5 Kg8 66. Kf6 Kf8 67. g7+ Kg8 68. Kg6 1/2-1/2

[Event "Jesenik op-A"]
[Site "Jesenik"]
[Date "2023.08.26"]
[Round "8"]
[White "Karlik, Vladimir"]
[Black "Pycha, Patrik"]
[Result "1-0"]
[WhiteElo "2098"]
[BlackElo "2059"]
[PlyCount "81"]
[EventDate "2023.08.19"]
[EventType "swiss"]
[EventRounds "9"]
[EventCountry "CZE"]
[SourceTitle "CBM 216 Extra"]
[Source "ChessBase"]
[SourceDate "2023.11.30"]
[SourceVersion "1"]
[SourceVersionDate "2023.11.30"]
[SourceQuality "1"]

1. e4 e6 2. Qe2 Be7 3. Nf3 d5 4. d3 Nf6 5. g3 0-0 6. Bg2 a5 7. e5 Nfd7 8. 0-0 a4 9. h4 b5 10. Bf4 b4 11. c4 bxc3 12. bxc3 Ba6 13. Nbd2 Nc5 14. Ne1 Nc6 15. Ndf3 Rb8 16. Nd4 Nxd4 17. cxd4 Nd7 18. Nf3 c5 19. Rfd1 c4 20. dxc4 Bxc4 21. Qc2 a3 22. Ng5 g6 23. Rab1 Qa5 24. h5 Qa6 25. hxg6 hxg6 26. Bf1 Rfc8 27. Qd2 Nb6 28. Qe3 Bxf1 29. Rxf1 Nc4 30. Qf3 Bf8 31. Qh1 Bg7 32. Nh7 Rb2 33. Nf6+ Kf8 34. Qh7 Bxf6 35. exf6 Ke8 36. Qg8+ Kd7 37. Qxf7+ Kc6 38. Qxe6+ Kb7 39. Qe7+ Kb6 40. f7 Qa8 41. Bh6 1-0

[Event "Jesenik op-A"]
[Site "Jesenik"]
[Date "2023.08.23"]
[Round "5"]
[White "Pycha, Patrik"]
[Black "Cerny, Michal"]
[Result "1-0"]
[WhiteElo "2059"]
[BlackElo "1785"]
[PlyCount "99"]
[EventDate "2023.08.19"]
[EventType "swiss"]
[EventRounds "9"]
[EventCountry "CZE"]
[SourceTitle "CBM 216 Extra"]
[Source "ChessBase"]
[SourceDate "2023.11.30"]
[SourceVersion "1"]
[SourceVersionDate "2023.11.30"]
[SourceQuality "1"]

1. e4 c5 2. Nf3 d6 3. d4 cxd4 4. Nxd4 Nf6 5. Nc3 a6 6. h4 e6 7. g4 b5 8. Bg2 Bb7 9. g5 Nfd7 10. f4 b4 11. Nce2 Nc5 12. Ng3 Qc7 13. Bd2 a5 14. h5 Nc6 15. Nxc6 Bxc6 16. g6 f5 17. Qe2 Qb7 18. Be3 Nxe4 19. Nxe4 Bxe4 20. Bxe4 Qxe4 21. 0-0-0 Rc8 22. Rhg1 Qc4 23. Qg2 h6 24. Bd4 a4 25. Kb1 d5 26. Rge1 Kd7 27. b3 Qa6 28. Qf2 Rg8 29. Qe3 Be7 30. Bb6 Rc6 31. Rxd5+ Kc8 32. Ra5 Qxb6 33. Ra8+ Kd7 34. Qxb6 Rxb6 35. Rxg8 Bf6 36. Rd1+ Kc7 37. bxa4 Ra6 38. Re8 Rxa4 39. Rxe6 Ra3 40. Rxf6 gxf6 41. Rg1 Ra8 42. g7 Rg8 43. Rg6 Kd7 44. Rxh6 Rxg7 45. Rxf6 Rg4 46. Rxf5 Ke6 47. Re5+ Kd6 48. h6 Rh4 49. h7 Rxh7 50. Rb5 1-0

[Event "Klatovy op-A 29th"]
[Site "Klatovy"]
[Date "2023.07.09"]
[Round "9"]
[White "Kroulik, Vaclav"]
[Black "Pycha, Patrik"]
[Result "0-1"]
[WhiteElo "1750"]
[BlackElo "2058"]
[PlyCount "64"]
[EventDate "2023.07.01"]
[EventType "swiss"]
[EventRounds "9"]
[EventCountry "CZE"]
[SourceTitle "CBM 215 Extra"]
[Source "ChessBase"]
[SourceDate "2023.09.30"]
[SourceVersion "1"]
[SourceVersionDate "2023.09.30"]
[SourceQuality "1"]

1. e4 e6 2. d4 d5 3. Nd2 c5 4. exd5 exd5 5. Ngf3 a6 6. Be2 Nf6 7. 0-0 Be7 8. dxc5 Bxc5 9. Nb3 Bb6 10. c3 0-0 11. h3 Qd6 12. Nbd4 Nc6 13. Be3 Bc7 14. Nxc6 bxc6 15. Rc1 Bf5 16. c4 Rfe8 17. cxd5 Nxd5 18. Qa4 Nxe3 19. fxe3 Be4 20. Rcd1 Qh6 21. Bc4 Qxe3+ 22. Kh1 Re7 23. Rde1 Qf4 24. Bxf7+ Kh8 25. Bb3 Rae8 26. Rd1 Qg3 27. Rd2 Bxf3 28. gxf3 Qxh3+ 29. Kg1 Bb6+ 30. Rdf2 Qg3+ 31. Kh1 Bxf2 32. Qg4 Qxg4 0-1

[Event "Klatovy op-A 29th"]
[Site "Klatovy"]
[Date "2023.07.07"]
[Round "7"]
[White "Vorisek, Jaroslav"]
[Black "Pycha, Patrik"]
[Result "1-0"]
[WhiteElo "2260"]
[BlackElo "2058"]
[PlyCount "61"]
[EventDate "2023.07.01"]
[EventType "swiss"]
[EventRounds "9"]
[EventCountry "CZE"]
[SourceTitle "CBM 215 Extra"]
[Source "ChessBase"]
[SourceDate "2023.09.30"]
[SourceVersion "1"]
[SourceVersionDate "2023.09.30"]
[SourceQuality "1"]

1. d4 Nf6 2. Nf3 e6 3. c4 Bb4+ 4. Bd2 a5 5. Qc2 d6 6. Nc3 Nbd7 7. g3 0-0 8. Bg2 e5 9. 0-0 Qe7 10. e4 Bxc3 11. Bxc3 b6 12. Nh4 g6 13. b3 Nh5 14. Nf3 f6 15. Rae1 Ng7 16. Re2 c5 17. d5 Rf7 18. Ne1 Ba6 19. a4 Raf8 20. f4 Bc8 21. Nd3 g5 22. Ref2 Ne8 23. Bh3 Nc7 24. Qe2 h6 25. Bf5 Rg7 26. Kh1 Qe8 27. Qd1 Rff7 28. Qh5 Nf8 29. Bxc8 Qxc8 30. fxe5 dxe5 31. Nxe5 1-0

[Event "Klatovy op-A 29th"]
[Site "Klatovy"]
[Date "2023.07.05"]
[Round "5"]
[White "Pycha, Patrik"]
[Black "Topencik, Bruno"]
[Result "1-0"]
[WhiteElo "2058"]
[BlackElo "1780"]
[PlyCount "95"]
[EventDate "2023.07.01"]
[EventType "swiss"]
[EventRounds "9"]
[EventCountry "CZE"]
[SourceTitle "CBM 215 Extra"]
[Source "ChessBase"]
[SourceDate "2023.09.30"]
[SourceVersion "1"]
[SourceVersionDate "2023.09.30"]
[SourceQuality "1"]

1. e4 c6 2. d4 d5 3. e5 Bf5 4. h4 h6 5. g4 Be4 6. f3 Bh7 7. e6 Qd6 8. exf7+ Kxf7 9. f4 Nf6 10. Nf3 Nxg4 11. Bh3 h5 12. Ng5+ Kg8 13. Qe2 Bf5 14. Be3 Nd7 15. Nd2 e6 16. Ndf3 Be7 17. 0-0-0 Bxg5 18. hxg5 g6 19. Rdg1 Kg7 20. Bd2 Rae8 21. Nh4 Nb6 22. Bxg4 Bxg4 23. Rxg4 hxg4 24. Qd3 Rxh4 25. Rxh4 Qf8 26. Qe2 Nd7 27. Qh2 Qg8 28. Rxg4 a5 29. Rh4 b6 30. Rh6 Re7 31. Qe2 Qf7 32. Qh2 Qg8 33. Qh3 Re8 34. Qc3 Rc8 35. a4 Qf7 36. Qh3 Nf8 37. Qb3 Qc7 38. Kb1 b5 39. Qh3 bxa4 40. Qh4 Rb8 41. f5 exf5 42. Bf4 Qb6 43. Be5+ Kf7 44. Rh7+ Nxh7 45. Qxh7+ Ke6 46. Qxg6+ Kd7 47. Qd6+ Kc8 48. Qxb8+ 1-0

[Event "Klatovy op-A 29th"]
[Site "Klatovy"]
[Date "2023.07.02"]
[Round "2"]
[White "Horak, Martin"]
[Black "Pycha, Patrik"]
[Result "1-0"]
[WhiteElo "2266"]
[BlackElo "2058"]
[PlyCount "77"]
[EventDate "2023.07.01"]
[EventType "swiss"]
[EventRounds "9"]
[EventCountry "CZE"]
[SourceTitle "CBM 215 Extra"]
[Source "ChessBase"]
[SourceDate "2023.09.30"]
[SourceVersion "1"]
[SourceVersionDate "2023.09.30"]
[SourceQuality "1"]

1. Nf3 Nf6 2. c4 e6 3. Nc3 d5 4. e3 Be7 5. b3 0-0 6. Bb2 b6 7. cxd5 exd5 8. d4 c5 9. Bd3 Nc6 10. dxc5 bxc5 11. 0-0 Bb7 12. Rc1 d4 13. exd4 Nxd4 14. Nxd4 cxd4 15. Ne2 Qd5 16. f3 Bc5 17. Ng3 Qg5 18. Rc2 Bb6 19. Bc1 Qd5 20. Re1 Rfe8 21. Rce2 Qd7 22. Qd2 Nd5 23. Qg5 Rxe2 24. Rxe2 h6 25. Qe5 Nb4 26. Nh5 f6 27. Qg3 Qf7 28. Bg6 d3+ 29. Kh1 Qf8 30. Re1 Kh8 31. Bf5 g5 32. Bb2 d2 33. Rd1 Nd5 34. Rxd2 Re8 35. Be4 Bc7 36. Qf2 Qf7 37. Bxd5 Qxh5 38. g4 Re1+ 39. Qxe1 1-0

[Event "Klatovy op-A 29th"]
[Site "Klatovy"]
[Date "2023.07.01"]
[Round "1"]
[White "Pycha, Patrik"]
[Black "Sedmihradsky, Tomas"]
[Result "1-0"]
[WhiteElo "2058"]
[BlackElo "1775"]
[PlyCount "63"]
[EventDate "2023.07.01"]
[EventType "swiss"]
[EventRounds "9"]
[EventCountry "CZE"]
[SourceTitle "CBM 215 Extra"]
[Source "ChessBase"]
[SourceDate "2023.09.30"]
[SourceVersion "1"]
[SourceVersionDate "2023.09.30"]
[SourceQuality "1"]

1. e4 e5 2. Nf3 Nc6 3. Bb5 a6 4. Ba4 Nf6 5. 0-0 Be7 6. Re1 0-0 7. Bxc6 dxc6 8. Nxe5 Re8 9. Nf3 Bg4 10. d3 Qd7 11. Be3 Rad8 12. Nbd2 Qc8 13. Qe2 c5 14. a4 Bh5 15. h3 h6 16. b3 g5 17. Qf1 g4 18. Nh4 Nxe4 19. Nxe4 Bxh4 20. g3 f5 21. Nxc5 Bf6 22. d4 f4 23. Bxf4 Rxe1 24. Rxe1 Rxd4 25. Ne6 Rd5 26. Qc4 c6 27. Bxh6 gxh3 28. Nf4 b5 29. axb5 axb5 30. Qb4 Qf5 31. Qf8+ Kh7 32. Re7+ 1-0

[Event "CZE-ch Youth"]
[Site "Teplice"]
[Date "2023.03.16"]
[Round "7"]
[White "Pycha, Patrik"]
[Black "Sadil, Antonin"]
[Result "1-0"]
[WhiteElo "2029"]
[BlackElo "1683"]
[PlyCount "67"]
[EventDate "2023.03.11"]
[EventType "tourn"]
[EventRounds "9"]
[EventCountry "CZE"]
[SourceTitle "CBM 213 Extra"]
[Source "ChessBase"]
[SourceDate "2023.05.31"]
[SourceVersion "1"]
[SourceVersionDate "2023.05.31"]
[SourceQuality "1"]

1. e4 c6 2. d4 d5 3. e5 Bf5 4. h4 h5 5. Bd3 Bxd3 6. Qxd3 e6 7. Bg5 Be7 8. Nf3 Nd7 9. Nbd2 Bxg5 10. hxg5 Qb6 11. g4 Ne7 12. gxh5 Qxb2 13. Rb1 Qxa2 14. Rxb7 Rb8 15. Rxb8+ Nxb8 16. Ke2 Nd7 17. Nb3 Qa4 18. h6 Qb5 19. Ra1 Qxd3+ 20. Kxd3 Nf5 21. Rxa7 Rh7 22. g6 fxg6 23. Ng5 Rxh6 24. Nxe6 Rh3+ 25. Kd2 Rf3 26. Nc7+ Ke7 27. Ke2 Rf4 28. e6 Re4+ 29. Kd3 Nf6 30. Nxd5+ Kf8 31. Nxf6 Rxe6 32. Nd7+ Kg8 33. Ra8+ Kh7 34. Nf8+ 1-0

[Event "Mid Bohemia Region-chT 2223"]
[Site "Czech Republic"]
[Date "2023.01.15"]
[Round "6.3"]
[White "Janacek, Jaroslav"]
[Black "Pycha, Patrik"]
[Result "0-1"]
[WhiteElo "2029"]
[BlackElo "1969"]
[PlyCount "92"]
[EventDate "2022.10.09"]
[EventType "team-tourn"]
[EventRounds "11"]
[EventCountry "CZE"]
[SourceTitle "EXT 2024"]
[Source "ChessBase"]
[SourceDate "2023.10.10"]
[SourceVersion "1"]
[SourceVersionDate "2023.10.10"]
[SourceQuality "1"]
[WhiteTeam "Kostelec nad CL"]
[BlackTeam "Vlasim II"]
[WhiteTeamCountry "CZE"]
[BlackTeamCountry "CZE"]

1. Nf3 Nf6 2. c4 e6 3. g3 b6 4. Bg2 Bb7 5. 0-0 Be7 6. b3 0-0 7. Bb2 d6 8. d4 Nbd7 9. Nc3 Ne4 10. Nd2 Nxc3 11. Bxc3 Bxg2 12. Kxg2 f5 13. e3 Nf6 14. f3 Qe8 15. b4 Qg6 16. Qe2 d5 17. c5 Nh5 18. Kh1 Qxg3 19. hxg3 Nxg3+ 20. Kg2 Nxe2 21. Bb2 f4 22. e4 Bh4 23. Rh1 g5 24. a4 h5 25. Rxh4 gxh4 26. Rh1 Kh7 27. Rxh4 Kh6 28. Kf2 Ng3 29. Bc1 Kg5 30. Rxf4 Nh1+ 31. Kg2 Rxf4 32. Nf1 Raf8 33. exd5 exd5 34. Kxh1 Kg6 35. Bxf4 Rxf4 36. Ne3 Rxd4 37. Kg2 Rxb4 38. c6 d4 39. Nd5 Rc4 40. Kg3 d3 41. Kf2 h4 42. Nxc7 Rxc6 43. Nd5 Rd6 44. Nc3 d2 45. Nd1 Kg5 46. Ke3 h3 0-1

[Event "Mid Bohemia Region-chT 2223"]
[Site "Czech Republic"]
[Date "2022.11.27"]
[Round "4.3"]
[White "Vacek, Radomir"]
[Black "Pycha, Patrik"]
[Result "0-1"]
[WhiteElo "1984"]
[BlackElo "1969"]
[PlyCount "67"]
[EventDate "2022.10.09"]
[EventType "team-tourn"]
[EventRounds "11"]
[EventCountry "CZE"]
[SourceTitle "EXT 2024"]
[Source "ChessBase"]
[SourceDate "2023.10.10"]
[SourceVersion "1"]
[SourceVersionDate "2023.10.10"]
[SourceQuality "1"]
[WhiteTeam "Bakov nad Jizerou II"]
[BlackTeam "Vlasim II"]
[WhiteTeamCountry "CZE"]
[BlackTeamCountry "CZE"]

1. d4 Nf6 2. c4 e6 3. Nf3 Bb4+ 4. Nbd2 d6 5. g3 Nc6 6. Bg2 0-0 7. 0-0 a5 8. a3 Bxd2 9. Bxd2 a4 10. b4 axb3 11. Qxb3 Ne4 12. Rfd1 Qe7 13. Bb4 Bd7 14. e3 f5 15. d5 Nxb4 16. axb4 e5 17. Ne1 b6 18. Qc2 Ng5 19. f4 exf4 20. exf4 Ne4 21. Qb2 b5 22. Bf1 bxc4 23. Bxc4 Qe8 24. Nf3 Rxa1 25. Rxa1 Bb5 26. Bb3 Qb8 27. Qd4 Be2 28. Bd1 Bxd1 29. Rxd1 Qb5 30. Re1 Rb8 31. g4 fxg4 32. Qxe4 gxf3 33. Qe6+ Kh8 34. Kf2 0-1

[Event "CZE-chT2A 2122"]
[Site "Czech Republic"]
[Date "2022.01.16"]
[Round "6.7"]
[White "Straka, Jaroslav1"]
[Black "Pycha, Patrik"]
[Result "1/2-1/2"]
[WhiteElo "1902"]
[BlackElo "1977"]
[PlyCount "84"]
[EventDate "2021.10.17"]
[EventType "team-tourn"]
[EventRounds "11"]
[EventCountry "CZE"]
[SourceTitle "EXT 2025"]
[Source "ChessBase"]
[SourceDate "2024.10.14"]
[SourceVersion "1"]
[SourceVersionDate "2024.10.14"]
[SourceQuality "1"]
[WhiteTeam "Pankrac II"]
[BlackTeam "Vlasim II"]
[WhiteTeamCountry "CZE"]
[BlackTeamCountry "CZE"]

1. d4 Nf6 2. Bf4 d5 3. e3 c5 4. c3 Nc6 5. Nd2 Qb6 6. Qb3 g6 7. dxc5 Qxc5 8. Ngf3 Bg7 9. Bb5 0-0 10. Bxc6 bxc6 11. 0-0 Nh5 12. Be5 f6 13. Bc7 e5 14. Qb4 Qb5 15. Bd6 Rf7 16. a4 Qb7 17. h3 Bf8 18. Bxf8 Rxf8 19. Qxb7 Bxb7 20. c4 Ng7 21. Rfc1 Ne6 22. cxd5 cxd5 23. Ra3 Rfc8 24. Rac3 Kf7 25. Nb3 Rxc3 26. Rxc3 Rc8 27. Rxc8 Bxc8 28. Kf1 Ke7 29. Ke2 Ba6+ 30. Kd2 Kd6 31. g3 Bf1 32. h4 Nc5 33. Nxc5 Kxc5 34. Kc3 a5 35. Nd2 Bh3 36. Nb3+ Kb6 37. Nd2 Bd7 38. Kb3 Kc5 39. Ka3 Be6 40. Nb3+ Kb6 41. Nd2 Kc5 42. Nb3+ Kb6 1/2-1/2

[Event "CZE-chT2E 2122"]
[Site "Czech Republic"]
[Date "2021.11.21"]
[Round "3.7"]
[White "Mouryc, Tomas"]
[Black "Pycha, Patrik"]
[Result "0-1"]
[WhiteElo "1947"]
[BlackElo "2038"]
[PlyCount "117"]
[EventDate "2021.10.17"]
[EventType "team-tourn"]
[EventRounds "11"]
[EventCountry "CZE"]
[SourceTitle "EXT 2024"]
[Source "ChessBase"]
[SourceDate "2023.10.10"]
[SourceVersion "1"]
[SourceVersionDate "2023.10.10"]
[SourceQuality "1"]
[WhiteTeam "Jihlava Gambit"]
[BlackTeam "Jundrov Jezdci"]
[WhiteTeamCountry "CZE"]
[BlackTeamCountry "CZE"]

1. d4 Nf6 2. Nf3 e6 3. g3 d5 4. Bg2 b5 5. 0-0 Be7 6. a4 b4 7. c4 bxc3 8. Nxc3 0-0 9. Bf4 a5 10. Rc1 Na6 11. Ne5 Bb7 12. Nb5 c5 13. dxc5 Nxc5 14. Be3 Nfd7 15. Nxd7 Nxd7 16. Qd2 Bb4 17. Qd3 Ba6 18. f4 Qe7 19. Qd4 Rac8 20. Qa7 Nb8 21. Qb6 Qb7 22. Qxb7 Bxb7 23. Rxc8 Rxc8 24. Rc1 Rxc1+ 25. Bxc1 Bc5+ 26. Kf1 Nd7 27. Bd2 Bb6 28. b4 axb4 29. Bxb4 Ba6 30. e4 d4 31. e5 Bc5 32. Ba5 f6 33. exf6 gxf6 34. Ke1 Kf7 35. Kd2 Ke7 36. Be4 h6 37. Bd3 Nb8 38. Nc7 Bxd3 39. Kxd3 Nc6 40. Bd2 Kd6 41. Ne8+ Ke7 42. Kc4 Ba7 43. Kb5 Nb8 44. Nc7 Kd6 45. Ne8+ Ke7 46. Ng7 Kf7 47. Nh5 e5 48. f5 e4 49. Nf4 d3 50. Nd5 Bg1 51. a5 Bxh2 52. a6 Nxa6 53. Kxa6 Bxg3 54. Nc3 e3 55. Bxe3 Be1 56. Ne4 h5 57. Bd2 Bxd2 58. Nf2 h4 59. Nxd3 0-1

[Event "CZE-chT2E 2122"]
[Site "Czech Republic"]
[Date "2021.10.17"]
[Round "1.7"]
[White "Pycha, Patrik"]
[Black "Tovarek, Antonin1"]
[Result "1-0"]
[WhiteElo "2038"]
[BlackElo "1965"]
[PlyCount "120"]
[EventDate "2021.10.17"]
[EventType "team-tourn"]
[EventRounds "11"]
[EventCountry "CZE"]
[SourceTitle "EXT 2024"]
[Source "ChessBase"]
[SourceDate "2023.10.10"]
[SourceVersion "1"]
[SourceVersionDate "2023.10.10"]
[SourceQuality "1"]
[WhiteTeam "Jundrov Jezdci"]
[BlackTeam "Jundrov Jezdci II"]
[WhiteTeamCountry "CZE"]
[BlackTeamCountry "CZE"]

1. e4 c5 2. Nc3 Nc6 3. g3 g6 4. Bg2 Bg7 5. d3 Rb8 6. Be3 d6 7. Nge2 Bd7 8. Qd2 Nf6 9. h3 Qc8 10. Bh6 0-0 11. f3 b5 12. h4 b4 13. Nd1 Nd4 14. Bxg7 Kxg7 15. h5 Nxh5 16. Nxd4 cxd4 17. Nf2 Rh8 18. g4 Nf6 19. Qh6+ Kg8 20. Rc1 Qf8 21. Qd2 h5 22. g5 Nh7 23. Bh3 Qc8 24. f4 Bxh3 25. Nxh3 Kg7 26. Qf2 Qc5 27. 0-0 f6 28. f5 Nxg5 29. Nxg5 fxg5 30. f6+ exf6 31. Qxf6+ Kh6 32. Rf5 Qc7 33. Qxg5+ Kh7 34. Rf6 Rhg8 35. Rcf1 Rg7 36. R1f2 Qd7 37. Qd5 Rb5 38. Qxd4 Rg5+ 39. Rg2 Rxg2+ 40. Kxg2 Qg4+ 41. Kf2 Qh4+ 42. Ke2 Qg4+ 43. Ke1 Qg5 44. Kd1 Qg4+ 45. Kc1 h4 46. Qf2 g5 47. Rf3 a5 48. Kd2 Qe6 49. Rf5 Qh6 50. Rf6 Qh5 51. Qf5+ Rg6 52. Rxd6 Qh6 53. Rd7+ Kh8 54. Qf7 g4+ 55. Ke2 Rg7 56. Qf8+ Kh7 57. Rd8 Qg5 58. Qh8+ Kg6 59. Rd6+ Kf7 60. Rd7+ Ke6 1-0

[Event "CZE-chT2A 1920"]
[Site "Czech Republic"]
[Date "2020.06.28"]
[Round "11.6"]
[White "Pycha, Patrik"]
[Black "Meszaros, Ludek"]
[Result "1/2-1/2"]
[WhiteElo "2024"]
[BlackElo "2091"]
[PlyCount "133"]
[EventDate "2019.10.13"]
[EventType "team-tourn"]
[EventRounds "11"]
[EventCountry "CZE"]
[SourceTitle "EXT 2024"]
[Source "ChessBase"]
[SourceDate "2023.10.10"]
[SourceVersion "1"]
[SourceVersionDate "2023.10.10"]
[SourceQuality "1"]
[WhiteTeam "Vlasim II"]
[BlackTeam "Tabor"]
[WhiteTeamCountry "CZE"]
[BlackTeamCountry "CZE"]

1. e4 e5 2. Nf3 Nc6 3. Bc4 Nf6 4. d3 h6 5. Nbd2 d6 6. c3 g6 7. Bb3 Bg7 8. 0-0 0-0 9. h3 Na5 10. Bc2 c5 11. b4 cxb4 12. cxb4 Nc6 13. Rb1 Be6 14. Bb3 Bxb3 15. Qxb3 b5 16. Bb2 Qb6 17. a3 Nh5 18. Rfe1 Nf4 19. Nf1 Nd4 20. Nxd4 exd4 21. Ng3 Rac8 22. Ne2 Ne6 23. Rbc1 h5 24. Qd5 a5 25. Rxc8 Rxc8 26. Rc1 Rxc1+ 27. Bxc1 axb4 28. axb4 Qc7 29. Qa8+ Kh7 30. Qa2 Qc6 31. Bd2 Kg8 32. Kf1 Nf8 33. Nf4 Qc8 34. Nd5 Qe6 35. Qa7 Kh7 36. Qe7 Qxe7 37. Nxe7 Ne6 38. Nc8 Bf8 39. Na7 Nc7 40. Bf4 f6 41. Nc6 Ne6 42. Bc1 f5 43. exf5 gxf5 44. Bb2 Nf4 45. Bxd4 Nxd3 46. Ke2 Nf4+ 47. Kf3 Ne6 48. h4 Kg6 49. Bc3 Nc7 50. Bd2 Kf6 51. Bf4 Ne6 52. Be3 Kg6 53. g3 Kf6 54. Ke2 Nc7 55. Kd3 Ne6 56. Na7 f4 57. gxf4 d5 58. Bd2 Kf5 59. Nxb5 Nxf4+ 60. Kd4 Bg7+ 61. Kc5 Bf8+ 62. Kc6 Nd3 63. Kxd5 Bxb4 64. Nd4+ Kg4 65. Be3 Ne1 66. f3+ Kxh4 67. Ke4 1/2-1/2

[Event "CZE-ch Juniors FIDE op"]
[Site "Kouty nad Desnou"]
[Date "2020.03.12"]
[Round "7"]
[White "Pycha, Patrik"]
[Black "Stastny, Jakub"]
[Result "1-0"]
[WhiteElo "2024"]
[BlackElo "1917"]
[PlyCount "43"]
[EventDate "2020.03.07"]
[EventType "swiss"]
[EventRounds "7"]
[EventCountry "CZE"]
[SourceTitle "CBM 195 Extra"]
[Source "ChessBase"]
[SourceDate "2020.05.31"]
[SourceVersion "1"]
[SourceVersionDate "2020.05.31"]
[SourceQuality "1"]

1. e4 e6 2. d4 d5 3. Nd2 dxe4 4. Nxe4 Nd7 5. g3 Ngf6 6. Nxf6+ Nxf6 7. Bg2 Be7 8. Nf3 0-0 9. 0-0 c5 10. dxc5 Bxc5 11. Ne5 Qe7 12. Bg5 Rd8 13. Qf3 Bd7 14. Ng4 Bd4 15. c3 Bc6 16. Qf4 Bxg2 17. cxd4 Bxf1 18. Nxf6+ gxf6 19. Bxf6 Qb4 20. Qh6 Qf8 21. Qg5+ Qg7 22. Qxg7# 1-0

[Event "CZE-ch Juniors FIDE op"]
[Site "Kouty nad Desnou"]
[Date "2020.03.09"]
[Round "3"]
[White "Dejmal, Ondrej"]
[Black "Pycha, Patrik"]
[Result "0-1"]
[WhiteElo "1757"]
[BlackElo "2024"]
[PlyCount "58"]
[EventDate "2020.03.07"]
[EventType "swiss"]
[EventRounds "7"]
[EventCountry "CZE"]
[SourceTitle "CBM 195 Extra"]
[Source "ChessBase"]
[SourceDate "2020.05.31"]
[SourceVersion "1"]
[SourceVersionDate "2020.05.31"]
[SourceQuality "1"]

1. e4 e6 2. d4 d5 3. exd5 exd5 4. c4 Nf6 5. Nf3 Bb4+ 6. Nc3 0-0 7. Be2 dxc4 8. Bxc4 Re8+ 9. Be3 Be6 10. Bxe6 Rxe6 11. 0-0 Nbd7 12. Qb3 a5 13. Rad1 Nb6 14. a3 Bxc3 15. bxc3 a4 16. Qa2 Nbd5 17. Bd2 Ne4 18. Qc2 Qe7 19. c4 Nxd2 20. Rxd2 Nf4 21. d5 Rg6 22. g3 Qxa3 23. Qe4 Nh3+ 24. Kg2 f5 25. Qh4 Rh6 26. Qd4 Re8 27. Nh4 Re4 28. Qd3 Qxd3 29. Rxd3 Rexh4 0-1

[Event "CZE-chT2A 1920"]
[Site "Czech Republic"]
[Date "2020.02.09"]
[Round "8.5"]
[White "Pycha, Patrik"]
[Black "Kopriva, Martin"]
[Result "1/2-1/2"]
[WhiteElo "2024"]
[BlackElo "2046"]
[PlyCount "167"]
[EventDate "2019.10.13"]
[EventType "team-tourn"]
[EventRounds "11"]
[EventCountry "CZE"]
[SourceTitle "EXT 2024"]
[Source "ChessBase"]
[SourceDate "2023.10.10"]
[SourceVersion "1"]
[SourceVersionDate "2023.10.10"]
[SourceQuality "1"]
[WhiteTeam "Vlasim II"]
[BlackTeam "Klatovy"]
[WhiteTeamCountry "CZE"]
[BlackTeamCountry "CZE"]

1. e4 g6 2. d4 Bg7 3. Nc3 d6 4. Be3 a6 5. a4 Nf6 6. h3 0-0 7. Nf3 Nc6 8. Qd2 e5 9. dxe5 dxe5 10. Bc5 Qxd2+ 11. Nxd2 Rd8 12. Bc4 Nd4 13. 0-0-0 b5 14. Ba2 Bb7 15. f3 Nh5 16. Nb3 Ne6 17. Bf2 b4 18. Ne2 Bc6 19. Nc5 Nxc5 20. Bxc5 a5 21. Bd5 Bxd5 22. exd5 Bf8 23. Bxf8 Kxf8 24. c4 bxc3 25. Nxc3 Ng3 26. Rhe1 f6 27. Kb1 Nf5 28. Ne4 Kf7 29. Rc1 Ra7 30. Rc6 Rxd5 31. Rxf6+ Kg7 32. Re6 Rb7 33. g4 Nd6 34. Re7+ Kf8 35. Rxh7 Nxe4 36. Rxe4 Rd2 37. b4 axb4 38. Rxe5 Kg8 39. Rhe7 Rd8 40. Rb5 Rxb5 41. axb5 Rd5 42. Rxc7 Rxb5 43. Kc2 Ra5 44. Kd3 Ra1 45. Ke4 Rh1 46. Ke5 Rxh3 47. f4 Rg3 48. g5 Ra3 49. Rb7 Ra6 50. Rxb4 Ra5+ 51. Ke4 Ra6 52. Rb7 Ra4+ 53. Ke5 Ra5+ 54. Kf6 Ra6+ 55. Ke5 Ra5+ 56. Ke4 Ra4+ 57. Kf3 Ra3+ 58. Kg4 Ra6 59. Rd7 Ra3 60. Rd6 Kg7 61. Rd7+ Kg8 62. Rd4 Kf7 63. Rd6 Kg7 64. Rd2 Kf7 65. Rf2 Ke6 66. Rh2 Kf7 67. Rh7+ Kg8 68. Rh1 Kf7 69. Re1 Kg7 70. Rf1 Rb3 71. Rf3 Rb4 72. Rd3 Ra4 73. Kf3 Kf7 74. Rd7+ Kf8 75. Ke3 Kg8 76. Rd4 Ra7 77. Ke4 Kf7 78. Ke5 Ra5+ 79. Rd5 Ra7 80. f5 gxf5 81. Kxf5 Ra6 82. Rd7+ Kf8 83. g6 Ra1 84. Kf6 1/2-1/2